| 000 | 00680nam a22001937a 4500 | ||
|---|---|---|---|
| 005 | 20240214114034.0 | ||
| 010 | _aENG-139231 | ||
| 020 |
_a9789386515025 _c2545.00 |
||
| 035 | _aEN-122763 | ||
| 037 | _bDBAD/PUB | ||
| 082 |
_a347.40954 _215 |
||
| 100 |
_aVardhan, R Yashod _962047 |
||
| 245 |
_aPollock & Mulla The Indian Contract Act, 1872/ _cBy R Yashod Vardhan, |
||
| 250 | _a15 | ||
| 260 |
_bLexis Nexis _aIndia _c2018 |
||
| 270 |
_bGurgaon _e122002 _a14th Floor , Building No 10, Tower-B, DLF Cyber City, phase -ll _k+91 124 4774444 _l+91 124 4774100 _mhelp.in@lexisnexis.com |
||
| 300 |
_acccli.1816p. _c25cm(hbk) |
||
| 942 |
_2ddc _cEN _h347.40954 _mVAR _e15 |
||
| 999 |
_c200727 _d200727 |
||